=LDR 00000nam 2200000 4500 =001 000212 =005 20250710112050 =035 ##$$a 0010-0725000017 =245 1#$$a Bukan aku, bu! /$c Lesley beake =100 #$$a Lesley beake =250 ##$$a Cetakan pertama =300 ##$$a 24 hlm. : $b Ilus. ; $c 22,9 cm =856 ##$$a TBM As suhada =260 ##$$a Rawamangun :$b Badan pengembangan dan pembinaan bahasa,$c 2022 =082 ##$$a 398.209 588 =084 ##$$a 398.209 588 LES b =020 ##$$a 978-623-307-912-9 =650 #4$$a Cerita anak indonesia-tedjemahan =650 #4$$a Literasi-bahan bacaan